000 00750nam a2200253Ia 4500
003 OSt
005 20221005073056.0
006 a|||||r|||| 00| 0
007 ta
008 221004b |||||||| |||| 00| 0 per d
020 _c400
024 _a94044
037 _b5549, 21/03/2009, Modern Publishing House
_cTextual
040 _aCRL
_cCRL
_bper
041 _2per
_aper
082 _aO164,1xNAZ:g, 168P2
100 _aAhmad Nazeer Au.
245 0 _aMaqalat-e-Nazeer
260 _aNew Delhi
_bGhalib Institute India
_c2002
300 _a592p.
_ccm.
650 _aPERSIAN POETRY
942 _hO164,1xNAZ:g, 168P2
_cTEXL
_2cc
999 _c980505
_d980505